Netherlands Anthem Lyrics - Statistics

General Stats
  • This quiz has been taken 11 times
  • The average score is 9 of 16
Answer Stats
Tekst % Correct
ben ik, van Duitsen bloed,
90%
Wilhelmus van Nassouwe
90%
ben ik, vrij onverveerd,
60%
blijf ik tot in den dood.
60%
den Koning van Hispanje
60%
den vaderland getrouwe
60%
Een Prinse van Oranje
60%
heb ik altijd geëerd.
50%
Dat ik doch vroom mag blijven,
40%
de tirannie verdrijven
40%
die mij mijn hart doorwondt.
40%
Mijn schild ende betrouwen
40%
op U zo wil ik bouwen,
40%
uw dienaar t'aller stond,
40%
verlaat mij nimmermeer.
40%
zijt Gij, o God mijn Heer,
40%
No matching quizzes found
Score Distribution
Percent of People with Each Score
Percentile by Number Answered
Your Score History
You have not taken this quiz